00322nam a2200121Ia 4500008004100000020002200041041000800063082002300071100002100094245002600115260005100141300000800192230519s9999 xx 000 0 und d a978-81-239-1780-1 aeng aF/610.3/D S/DB0351 aD Souza Jacintha aDictionary for Nurses bCBS Publishers & DistributorsaNew Delhic2010 a470